Systém automatizovaného riadenia výroby v rakúskom drevárskom priemysle

Bibliographic Details
Main Author: Melichar, Jan, 1904-1982 (Author)
Format: Article
Language:Slovak
PhysicalDescription:Obr. 4.
Subjects:

MARC

LEADER 00000nab a2200000 a 4500
001 vtls000048797
003 SK-MaSNL
005 20260304181624.0
008 140328c1979 xo 0 slo
015 |a SNBRB19rr/mm-uuuuu 
035 |a CL0058893 
040 |a SNKBUCL  |b slo  |c SNKBUCL  |e AACR2 
041 0 |a slo 
044 |a xo  |c SK 
080 |a 674  |2 1981 
080 |a 681.5  |2 1981 
100 1 |a Melichar, Jan,  |d 1904-1982  |4 aut  |9 229706 
245 1 0 |a Systém automatizovaného riadenia výroby v rakúskom drevárskom priemysle  |c Jan Melichar 
300 |b Obr. 4. 
650 0 7 |a drevársky priemysel  |2 snkbucl  |9 1117 
650 0 7 |a automatizované systémy riadenia  |2 snkbucl  |9 28612 
655 7 |a články z novín a časopisov  |2 snkbucl  |9 267496 
773 0 |t Drevo  |g Roč. 34, č. 11 (1979), s. 336-338 
850 |a Slovenská národná knižnica v Martine  |a MTA001 
852 |a SNK  |b KIS3GCP 
958 |a RK 
992 |a RBX 
999 |c 3024949  |d 3026879